| 000 | 00781cab a2200205 4500 | ||
|---|---|---|---|
| 001 | WB2719-45 | ||
| 008 | 090401t1991 xxu||||| |||| 00| 0 eng d | ||
| 035 | _a(Sirsi) u74195 | ||
| 041 | _aeng | ||
| 245 | _aTwin tracking of planning applications | ||
| 260 | _c1991 | ||
| 350 | _a0 | ||
| 490 |
_aDOE Press Release _vno 297 10 may 1991 1 page |
||
| 490 |
_aChartered Surveyor Weekly _vvol 35 no 7 16/5/91 p91(2) |
||
| 520 | _aThe Planning Minister has announced that, following a consultation exercise, the Government has decided not to proceed with a proposal which would have made it possible to prevent ` twin-tracking ` of planning applications . | ||
| 650 | _aPLANNING AND COMPENSATION BILL | ||
| 690 | _aPLANNING LAW AND PRACTICE | ||
| 942 | _n0 | ||
| 948 | _c04/03/1997 | ||
| 999 |
_c46834 _d46834 |
||